书目信息 |
| 题名: |
新版乳制品配方
|
|
| 作者: | 张列兵 , 吕加平 主编 | |
| 分册: | ||
| 出版信息: | 北京 中国轻工业出版社 2003.01 |
|
| 页数: | 342页 | |
| 开本: | 20cm | |
| 丛书名: | ||
| 单 册: | ||
| 中图分类: | TS252.42 | |
| 科图分类: | ||
| 主题词: | 食品工业 | |
| 电子资源: | ||
| ISBN: | 7-5019-3705-2 | |
| 000 | 00672nam0 2200217 450 | |
| 001 | 0776970424 | |
| 005 | 20071221212314.58 | |
| 010 | @a7-5019-3705-2@dCNY22.00 | |
| 100 | @a20071221d2003 km y0chiy0120 ea | |
| 101 | 0 | @achi |
| 102 | @aCN@b110000 | |
| 200 | 1 | @a新版乳制品配方@Axin ban ru zhi pin pei fang@f张列兵,吕加平主编@Fzhang lie bing,lu jia ping zhu bian |
| 210 | @a北京@c中国轻工业出版社@d2003.01 | |
| 215 | @a342页@d20cm | |
| 606 | 0 | @a食品工业 |
| 690 | @aTS252.42@v4 | |
| 701 | 0 | @a张列兵@Azhang lie bing@4主编 |
| 701 | 0 | @a吕加平@Alu jia ping@4主编 |
| 801 | 0 | @aCN@b大连网信软件有限公司图书馆@c20071221 |
| 905 | @aBZT@dTS252.42@e1 | |
| 906 | @dCNY22.00@n0@r1 | |
| 新版乳制品配方/张列兵,吕加平主编.-北京:中国轻工业出版社,2003.01 |
| 342页;20cm |
| ISBN 7-5019-3705-2:CNY22.00 |
| ● |
| 相关链接 |
|
|
|
正题名:新版乳制品配方
索取号:TS252.42/1
 
预约/预借
| 序号 | 登录号 | 条形码 | 馆藏地/架位号 | 状态 | 备注 |
| 1 | 606925 | 2000606925 | 中心书库中库/ 中库025架A面5列3层16/ [索取号:TS252.42/1] | 在馆 | |
| 2 | 606926 | 2000606926 | 中心书库中库/ 中库025架A面5列3层24/ [索取号:TS252.42/1] | 在馆 | |
| 3 | 606927 | 2000606927 | 中心书库中库/ 中库025架A面5列3层19/ [索取号:TS252.42/1] | 在馆 | |
| 4 | 606928 | 2000606928 | 中心书库中库/ 中库025架A面5列3层18/ [索取号:TS252.42/1] | 在馆 | |
| 5 | 606929 | 2000606929 | 中心书库中库/ 中库025架A面5列3层20/ [索取号:TS252.42/1] | 在馆 | |
| 6 | 606930 | 2000606930 | 中心书库中库/ 中库025架A面5列3层25/ [索取号:TS252.42/1] | 在馆 | |
| 7 | 606931 | 2000606931 | 中心书库中库/ 中库025架A面5列3层22/ [索取号:TS252.42/1] | 在馆 | |
| 8 | 606932 | 2000606932 | 中心书库中库/ 中库025架A面5列3层17/ [索取号:TS252.42/1] | 在馆 | |
| 9 | 606933 | 2000606933 | 中心书库中库/ 中库025架A面5列3层23/ [索取号:TS252.42/1] | 在馆 | |
| 10 | 606934 | 2000606934 | 中心书库中库/ 中库025架A面5列3层21/ [索取号:TS252.42/1] | 在馆 |